Famosos #5 - Statistics

Estatísticas Gerais
  • Esse quiz foi jogado 124 vezes
  • A pontuação média é 8 de 15
Estatísticas das Respostas
Imagem Resposta % Correto
Drake
93%
Kim Kardashian
82%
Margot Robbie
72%
Jennifer Lawrence
68%
Madonna
66%
George Clooney
62%
Nicki Minaj
62%
Zac Efron
62%
Tom Hardy
46%
Dylan OBrien
45%
Brie Larson
36%
Rachel McAdams
31%
Jamie Dornan
18%
Thomas Brodie
17%
Michael Fassbender
10%
Nenhum quiz correspondente encontrado
Distribuição das Pontuações
Porcentagem de Pessoas com Cada Pontuação
Percentil de Números Respondidos
Sua Pontuação Histórica
Você não jogou esse quiz